El duende del mesón (Record no. 171315)

MARC details
000 -LEADER
campo de control de longitud fija 00963nam a22001815i 4500
001 - NÚMERO DE CONTROL
campo de control 171315
003 - IDENTIFICADOR DE NÚMERO DE CONTROL
campo de control ES-MaACL
005 - FECHA Y HORA DE LA ÚLTIMA TRANSACCIÓN
campo de control 20250616063045.0
008 - DATOS DE LONGITUD FIJA--INFORMACIÓN GENERAL
campo de control de longitud fija 090508s1856 sp |||| | spa d
100 0# - ENTRADA PRINCIPAL--NOMBRE DE PERSONA
Nombre de persona Frontaura, Carlos,
Fechas asociadas al nombre 1834-1910
9 (RLIN) 52739
245 13 - MENCIÓN DEL TÍTULO
Título El duende del mesón
Resto del título : comedia lírica en un acto y en verso /
Mención de responsabilidad, etc. original de Carlos Frontaura ; música de Luis Velasco.
260 ## - PUBLICACIÓN, DISTRIBUCIÓN, ETC.
Lugar de publicación, distribución, etc. Madrid :
Nombre del editor, distribuidor, etc. [Manuel Pedro Delgado],
Fecha de publicación, distribución, etc. 1856 (
Fabricante Imp. de Cipriano López)
300 ## - DESCRIPCIÓN FÍSICA
Extensión 39 p. ;
Dimensiones 18 cm.
500 ## - NOTA GENERAL
Nota general En port.: Representada con estraordinario [sic] aplauso en el teatro de Tirso de Molina la noche del 18 de octubre de 1856.
700 1# - ENTRADA AGREGADA--NOMBRE PERSONAL
Nombre de persona Velasco, Luis
Títulos y otros términos asociados al nombre (músico)
9 (RLIN) 187683
852 ## - LOCALIZACIÓN
Ubicación ES-MaACL
Número de control de estantería F-8600(8)
Nota libre .- Enc. pasta española
condición física .- Falto de la cub. original
Nota libre .- Enc. en un vol. facticio, formando parte de la col. facticia "Teatro español moderno", vol. 53
-- .- Firma manuscrita de Gustavo Saenz Diez, 1878
Holdings
Estatus retirado Estado de pérdida Estado de daño No para préstamo Colección Biblioteca de origen Biblioteca actual Ubicación en estantería Fecha de adquisición Fuente de adquisición Total de préstamos Signatura topográfica completa Código de barras Visto por última vez Precio de reemplazo Tipo de ítem Koha
        Libros del s. XIX Biblioteca del Ateneo de Madrid Biblioteca del Ateneo de Madrid Sala Pecera Planta 2 18/06/2009     F-8600(8) 1180729 23/02/2023 23/02/2023 Libro impreso antiguo